| 000 | 00540nam a2200193 i 4500 | ||
|---|---|---|---|
| 001 | 129148 | ||
| 003 | ES-MaACL | ||
| 005 | 20230906193439.0 | ||
| 007 | t| | ||
| 008 | 070607s1949 sp ||||1| spa d | ||
| 080 | _a332.1(04) | ||
| 080 | _a86-7"19" | ||
| 100 | 1 |
_aTemprano Azcona, Reinaldo. _9109679 |
|
| 245 | 1 | 0 |
_aCuidado con los bancos / _cReinaldo Temprano Azcona. |
| 260 |
_aValladolid : _bAstrea-Gesper, _c1949. |
||
| 300 |
_a190 p. ; _c21 cm. |
||
| 650 | 0 | 4 |
_aBancos- _vAnécdotas. _910485 |
| 852 |
_aES-MaACL _jD-5606 _bR.28961 |
||
| 999 |
_c129148 _d129148 |
||